| 000 | 00796nam a2200253 i 4500 | ||
|---|---|---|---|
| 001 | bg | ||
| 100 | 1 | _aJANKOWSKI, Witold B. | |
| 245 | 1 | 0 |
_aJak negocjować : _bstrategie i etapy negocjacji, 23 taktyki negocjacji, 10 przykładów z dialogami po polsku i po angielsku / _cWitold B. Jankowski, Tomasz P. Sankowski. |
| 260 |
_aWarszawa : _bCentrum Informacji Menedżera, _c1995. |
||
| 300 |
_a[6], 164 s. ; _c29 cm. |
||
| 490 | 1 | _aLektury Menedżera | |
| 504 | _aBibliogr. s. 163-164. | ||
| 650 | 9 | _aNegocjacje | |
| 655 | _aPoradniki | ||
| 700 | 1 | _aSANKOWSKI, Tomasz P. | |
| 830 | _aLektury Menedżera | ||
| 020 | _a8386210524 | ||
| 040 | _cBPK | ||
| 041 | 0 |
_apl _gen |
|
| 080 | _a65.011:159.9 | ||
| 920 | _a83-86210-52-4 | ||
| 942 | _cKS | ||
| 008 | s pl f |000 0 pol | ||
| 999 |
_c33207 _d33207 |
||
| 856 |
_uhttp://koha.tu.koszalin.pl/cgi-bin/koha/opac-detail.pl?biblionumber=33207 _yKatalog online BPK |
||